Top 10 bière préférés des Français - Statistiques

Statistiques générales
  • Ce quiz a été pris 238 fois
  • Le résultat moyen est 6 sur 10
Statistiques - réponses
Hint Réponse % Correct
3 Heineken
91%
1 Leffe
82%
4 1664
77%
2 Desperados
74%
9 Kronenbourg
54%
10 Corona
51%
5 Grimbergen
46%
6 La Goudale
46%
7 Affligem
21%
8 Hoegaarden
8%
Aucun quiz correspondant
Distribution des résultats
% des personnes avec chaque résultat
Percentile par nombre de réponses
Votre historique - résultats
Vous n’avez pas pris ce quiz